| 000 | 00385nam a2200109Ia 4500 | ||
|---|---|---|---|
| 008 | 170221s9999 xx 000 0 und d | ||
| 100 | _aAnna Thorsell | ||
| 245 | _aDirector Experience and the Performance of IPOs: Evidence from Sweden | ||
| 245 | _cAnna Thorsell and Anders Isaksson | ||
| 650 | _xBusiness | ||
| 856 | _uhttp://ro.uow.edu.au/cgi/viewcontent.cgi?article=1464&context=aabfj | ||
| 999 |
_c307548 _d307548 |
||